| 000 | 00689naa a2200205 4500 | ||
|---|---|---|---|
| 001 | 145589 | ||
| 003 | ES-MaBCM | ||
| 005 | 20241016183812.0 | ||
| 008 | 070214s2007 esp|r0p 0 ||spa d | ||
| 021 | _axx | ||
| 035 | _a(OCoLC)1365234856 | ||
| 040 | _cES-MaBCM | ||
| 100 | 1 |
_aMonjib, Maâti _978655 |
|
| 245 | 0 | 0 |
_aSenegal, democracia maltrecha _cMaâti Monjib |
| 520 | 0 | _aEl país vive un clima de tensión política permanente que, en parte, tiene su origen en la psicología de un líder envejecido | |
| 651 | 1 | 4 |
_aSenegal _9115860 |
| 650 | 1 | 7 |
_aSituación política _960283 |
| 773 | 0 |
_aEn: _tAfkar / Ideas _dMadrid _gN. 12 (invierno 2006/2007), p. 49-51 _w105599 |
|
| 942 | _cAREV | ||
| 999 |
_c145589 _d145589 |
||